La prefabricación y el aula
Spremljeno u:
| Glavni autor: | |
|---|---|
| Format: | Nepoznato |
| Izdano: |
[San José, Costa Rica]
1968
|
| Teme: | |
| Oznake: |
Dodaj oznaku
Bez oznaka, Budi prvi tko označuje ovaj zapis!
|
MARC
| LEADER | 00000 a2200000 4500 | ||
|---|---|---|---|
| 003 | 011274 | ||
| 005 | 20221231143813.0 | ||
| 008 | 140114s1968 c a m 000 ||s d | ||
| 040 | |c cru CEDI | ||
| 090 | |a TFG 330 | ||
| 100 | |a Villalta S, Mario |9 17773 | ||
| 245 | |a La prefabricación y el aula | ||
| 260 | |c 1968 |a [San José, Costa Rica] | ||
| 300 | |a 84 hojas, gráficos, ilustraciones, planos (plegables) ; 27 cm | ||
| 500 | |a Tesis (Ingeniero Civil) Universidad de Costa Rica | ||
| 650 | |x CONSTRUCCIONES PREFABRICADAS |9 17774 | ||
| 942 | |c TFG | ||
| 999 | |c 12232 |d 12232 | ||
